ប្រាសាទព្រហ្មកិល : (Record no. 8527)

MARC details
000 -LEADER
fixed length control field 02170nam a22003137a 4500
001 - CONTROL NUMBER
control field 8527
003 - CONTROL NUMBER IDENTIFIER
control field FISKH
005 - DATE AND TIME OF LATEST TRANSACTION
control field 20250917160942.0
008 - FIXED-LENGTH DATA ELEMENTS--GENERAL INFORMATION
fixed length control field 250917b cb ||||| |||| 00| 0 eng d
020 ## - INTERNATIONAL STANDARD BOOK NUMBER
International Standard Book Number 9789996301308
040 ## - CATALOGING SOURCE
Original cataloging agency FISKH
Language of cataloging khr
Transcribing agency FISKH
Modifying agency FISKH
050 ## - LIBRARY OF CONGRESS CALL NUMBER
Classification number PZ7
082 ## - DEWEY DECIMAL CLASSIFICATION NUMBER
Classification number 800
100 ## - MAIN ENTRY--PERSONAL NAME
Personal name Kimsun, Sotheary
245 ## - TITLE STATEMENT
Title ប្រាសាទព្រហ្មកិល :
Remainder of title Prohm Kil temple /
Statement of responsibility, etc. រៀបរៀងដោយ អ្នកស្រី គឹមស៊ុន សុធារី
260 ## - PUBLICATION, DISTRIBUTION, ETC.
Place of publication, distribution, etc. Phnom Penh :
Name of publisher, distributor, etc. Entry Meas Printing House ,
Date of publication, distribution, etc. 2011.
300 ## - PHYSICAL DESCRIPTION
Extent 24 pages :
Other physical details color illustrations ;
Dimensions 25 cm .
490 ## - SERIES STATEMENT
Series statement ពិភពរឿងនិទាន​
505 ## - FORMATTED CONTENTS NOTE
Formatted contents note P <br/>
520 ## - SUMMARY, ETC.
Summary, etc. នៅឃុំចុងកាល់ ស្រុកសំរោងចុងកាល់ ខេត្តសៀមរាប មានប្រាសាទបុរាណមួយ។ ប្រាសាទនោះមានស្រះពីរនៅក្បែរ។ តួប្រាសាទមានកម្ពស់ប្រហែល ៥,៥០ម ទំហំប្រាសាប្រហែល ១៥ ទៅ ១៦ ម៉ែត្របួនជ្រុង ខាងក្នុងប្រាសាទមានថ្មមួយផែនដូចជាបល្ល័ង្ក ។ ប្រាសាទនេះហៅថា ប្រាសាទព្រហ្មកិលនៅខាងជើងស្ទឹងមួយចំងាយប្រហែល ១៥០ ម៉ែត្រ ។
520 ## - SUMMARY, ETC.
Summary, etc. At Chong Kal commune, Samroang Chong Kal district, Siem Reap province situated an ancient temple, where two ponds are nearby and whose body is 5.50 meters high and size is approxmatedly 15 to 16 in a four-sided figure. Inside the temple there is a stone which looks like a throne . The temple is called Prohm Kill, located about 150 meters in the north of the lake .
521 8# - TARGET AUDIENCE NOTE
Target audience note 650 <br/>
Source Lexile estimate <br/>
521 8# - TARGET AUDIENCE NOTE
Target audience note P <br/>
Source Raz-Plus <br/>
650 ## - SUBJECT ADDED ENTRY--TOPICAL TERM
Topical term or geographic name entry element ប្រាសាទព្រហ្មកិល
650 ## - SUBJECT ADDED ENTRY--TOPICAL TERM
Topical term or geographic name entry element Prohm Kil temple
700 ## - ADDED ENTRY--PERSONAL NAME
Personal name Bunlim, Lang
Relator term Illustrator
942 ## - ADDED ENTRY ELEMENTS (KOHA)
Source of classification or shelving scheme Dewey Decimal Classification
Koha item type Khmer Books
Suppress in OPAC No
Holdings
Withdrawn status Lost status Source of classification or shelving scheme Damaged status Not for loan Collection Home library Current library Shelving location Date acquired Total Checkouts Full call number Barcode Date last seen Copy number Price effective from Koha item type
    Dewey Decimal Classification     Khmer-English Bilingual / ភាសាខ្មែរ-អង់គ្លេស Footprints International School Library Network Toul Tom Poung Campus Footprints International School Library Network Toul Tom Poung Campus TTP Primary Khmer Bookshelves 09/17/2025   SOT PZ7 800 FIS04252 09/17/2025 1 09/17/2025 Khmer Books
    Dewey Decimal Classification     Khmer-English Bilingual / ភាសាខ្មែរ-អង់គ្លេស Footprints International School Library Network Toul Tom Poung Campus Footprints International School Library Network Toul Tom Poung Campus TTP Primary Khmer Bookshelves 09/17/2025   SOT PZ7 800 FIS04989 09/17/2025 2 09/17/2025 Khmer Books
    Dewey Decimal Classification     Khmer-English Bilingual / ភាសាខ្មែរ-អង់គ្លេស Footprints International School Library Network Toul Tom Poung Campus Footprints International School Library Network Toul Tom Poung Campus TTP Primary Khmer Bookshelves 09/30/2025   SOT PZ7 800 FIS05044 09/30/2025 3 09/30/2025 Khmer Books
    Dewey Decimal Classification     Khmer-English Bilingual / ភាសាខ្មែរ-អង់គ្លេស Footprints International School Library Network Toul Tom Poung Campus Footprints International School Library Network Toul Tom Poung Campus TTP Primary Khmer Bookshelves 11/27/2025   SOT PZ7 800 2025-4951 11/27/2025 4 11/27/2025 Khmer Books
    Dewey Decimal Classification     Khmer-English Bilingual / ភាសាខ្មែរ-អង់គ្លេស Footprints International School Library Network Toul Tom Poung Campus Footprints International School Library Network Toul Tom Poung Campus TTP Primary Khmer Bookshelves 12/05/2025   SOT PZ7 800 2025-5067 12/05/2025 5 12/05/2025 Khmer Books
    Dewey Decimal Classification     Khmer-English Bilingual / ភាសាខ្មែរ-អង់គ្លេស Footprints International School Library Network Toul Tom Poung Campus Footprints International School Library Network Toul Tom Poung Campus TTP Primary Khmer Bookshelves 12/12/2025   SOT PZ7 800 FIS04983 12/12/2025 6 12/12/2025 Khmer Books